[Event "BL2-S9697"]
[Site "Germany"]
[Date "1997.??.??"]
[Round "?.8"]
[White "Igney, Volkhard"]
[Black "Roederer, Kai"]
[Result "1/2-1/2"]
[WhiteElo "2310"]
[BlackElo "2200"]

1.d4 Nf6 2.c4 e6 3.Nc3 Bb4 4.Qc2 O-O 5.e3 b6 6.Bd3 Bb7 7.f3 d5 8.Ne2 dxc4
9.Bxc4 c5 10.a3 Bxc3+ 11.bxc3 Nc6 12.dxc5 Ne5 13.Qa2 Rc8 14.O-O Nxc4 15.Qxc4 Rxc5
16.Qa4 Qc7 17.Rd1 Nd5 18.Rb1 Rc4 19.Qb5 a6 20.Qb2 b5 21.Rd4 Nb6 22.Qd2 e5
23.Rxc4 Nxc4 24.Qc2 Nb6 25.Bd2 Qc5 26.Bc1 Rd8 27.Kf2 g6 28.g4 Bc8 29.Ng3 Bb7
30.h4 Qe7 31.h5 Qh4 32.Kg2 Qxg4 33.e4 Qe6 34.Bh6 f6 35.Rd1 Rd6 36.Be3 Nc4
37.Bc5 Rd7 38.a4 Qc6 39.Bf2 bxa4 40.hxg6 hxg6 41.Rxd7 Qxd7 42.Qa2 Qb5 43.Nf1 Kg7
44.Nd2 Nxd2 45.Qxd2 Bc8 46.Qd6 Qd7 47.Bc5 Qxd6 48.Bxd6 Be6 49.Kf2 Bc4 50.Ke3 g5
51.Ba3 Kf7 52.Bc5 Ke6 53.Ba3 Kd7 54.Bf8 Bb5 55.Ba3 Ke6 56.Bf8 Kd7 57.Ba3 Ke6
58.Bf8 Be8 59.Ba3 Kd7 60.c4 Ke6 61.Bf8 Kf7 62.Ba3 Bd7 63.Bb4 Bh3 64.Ke2 Ke8
65.Ba3 Be6 66.Kd3 a5 67.Bd6 Bc8 68.Ba3 Ba6 69.Bd6 Kd7 70.Ba3 Ke6 71.Bf8 Kf7
72.Ba3 Kg6 73.Bd6 Bc8 74.Kc3 Be6 75.Kd3 Bh3 76.Ke2 Be6 77.Kd3 Bh3 78.Ke2 g4
79.fxg4 Kg5 80.Ke3 Bf1 81.Ba3 Bxc4 82.Be7 Be6 83.Ba3 Bxg4 84.Be7 Bd7 85.Ba3 Kg6
86.Be7 Kf7 87.Ba3 Ke6 88.Bf8 Bc6 89.Ba3 Bxe4 90.Kxe4 f5+  1/2-1/2

[Event "BL2-S9697"]
[Site "Germany"]
[Date "1997.??.??"]
[Round "?.5"]
[White "Raupp, Thomas"]
[Black "Roth, Juergen"]
[Result "0-1"]
[WhiteElo "2360"]
[BlackElo "2240"]

1.d4 Nf6 2.c4 e6 3.Nc3 Bb4 4.Qc2 O-O 5.a3 Bxc3+ 6.Qxc3 d6 7.g3 Qe7 8.Nf3 Nbd7
9.Bg2 e5 10.O-O Re8 11.b4 e4 12.Ne1 d5 13.c5 Nf8 14.Bg5 Ne6 15.Bxf6 Qxf6
16.Nc2 c6 17.a4 Bd7 18.Ra3 Qg6 19.Qd2 f5 20.f4 exf3 21.Raxf3 Ng5 22.Rf4 Re7
23.Ne3 Qh6 24.h4 Nf7 25.Qd3 g6 26.Bxd5 cxd5 27.Nxd5 Rae8 28.Nxe7+ Rxe7 29.b5 g5
30.hxg5 Nxg5 31.Rh4 Qg6 32.d5 Ne4 33.Rxe4 fxe4 34.Qe3 Rg7 35.c6 bxc6 36.bxc6 Bc8
37.Qf4 Qxg3+ 38.Qxg3 Rxg3+ 39.Kf2 Rc3 40.Rb1 Kf7 41.Rb8 Bf5 42.Rb7+ Kf6 43.Rxa7 Ke5
44.Rf7 e3+ 45.Kg3 Be4 46.Rd7 Bxd5 47.Rxh7 Rxc6 48.Rh5+ Kd4 49.Rh4+ Be4 50.Rh8 Rc2
51.Rh2 Ra2 52.Kf4 Rxa4 53.Rh8 Ra5 54.Rf8 Ra1  0-1

[Event "Oberliga Ost A9798"]
[Site "Germany"]
[Date "1997.??.??"]
[Round "?"]
[White "Mueller, Norbert"]
[Black "Jahn, Constanze"]
[Result "1/2-1/2"]
[WhiteElo "2090"]
[BlackElo "2180"]

1.d4 Nf6 2.c4 e6 3.Nc3 Bb4 4.Qc2 O-O 5.Nf3 c5 6.dxc5 Nc6 7.Bd2 Bxc5 8.a3 b6
9.e3 Bb7 10.Be2 Rc8 11.b4 Be7 12.Qb3 Qc7 13.O-O Ne5 14.Nb5 Nxf3+ 15.Bxf3 Qb8
16.Bxb7 Qxb7 17.Rfd1 a6 18.Nd4 d5 19.cxd5 Nxd5 20.Rac1 Bf6 21.Nf3 b5  1/2-1/2

[Event "Ruhr-ch Seniors 4th"]
[Site "Germany"]
[Date "1997.??.??"]
[Round "7"]
[White "Biermann, Klaus"]
[Black "Szymaniak, Horst"]
[Result "0-1"]
[WhiteElo "2015"]
[BlackElo "1965"]

1.d4 Nf6 2.c4 e6 3.Nc3 Bb4 4.Qc2 O-O 5.e3 b6 6.Nf3 Bb7 7.Bd3 d6 8.O-O Bxc3
9.bxc3 Nbd7 10.e4 h6 11.Bd2 Re8 12.Rae1 e5 13.Re2 Nf8 14.d5 Ng6 15.g3 Bc8
16.Kg2 Qd7 17.Ng1 Nh5 18.f3 a5 19.Ref2 Re7 20.Qd1 Nf6 21.Kh1 Qe8 22.h4 Nh5
23.Rg2 Nf6 24.Rh2 Ba6 25.h5 Nf8 26.g4 N6h7 27.Nh3 f6 28.f4 exf4 29.Bxf4 Rxe4
30.Bxe4 Qxe4+ 31.Qf3 Qxf3+ 32.Rxf3 Bxc4 33.Rd2 Re8 34.Re3 Rxe3 35.Bxe3 Nd7
36.Kg2 Kf7 37.Kf3 Ne5+ 38.Kf4 g6 39.hxg6+ Kxg6 40.Kg3 Ng5 41.Nxg5 hxg5 42.a3 Ba6
43.Bd4 Nd3 44.Kf3 f5 45.gxf5+ Kxf5 46.Bf2 Ne5+ 47.Kg3 Nc4 48.Re2 Ne5 49.Rb2 Nd3
50.Re2 Nf4 51.Rd2 Bc4 52.Bd4 Nxd5 53.Rf2+ Nf4 54.Be3 Ke4 55.Bxf4 gxf4+ 56.Rxf4+ Kd3
57.Rf3+ Kc2 58.Kf2 Kb3 59.Ke1 Kxa3 60.Kd2 Kb2 61.Rf8 a4 62.Rc8 b5 63.Rxc7 a3  0-1

[Event "Karsten Kold op"]
[Site "Gistrup"]
[Date "1997.??.??"]
[Round "5"]
[White "Jakobsen, Lars Veno"]
[Black "Christensen, Stefan"]
[Result "1-0"]
[WhiteElo "2340"]
[BlackElo "2155"]

1.d4 e6 2.c4 Nf6 3.Nc3 Bb4 4.Qc2 O-O 5.a3 Bxc3+ 6.Qxc3 Ne4 7.Qc2 f5 8.g3 b6
9.Bg2 Bb7 10.Nf3 a5 11.b3 d6 12.O-O Qe8 13.Ng5 Qg6 14.Nh3 e5 15.d5 c6 16.g4 Bc8
17.Kh1 Na6 18.dxc6 Nac5 19.g5 f4 20.Ra2 Bf5 21.Qb2 Qh5 22.Ng1 Qxg5 23.b4 Na4
24.Qb3 Nac3 25.c5+ d5 26.cxb6 a4 27.Qb2 Nd1 28.Nf3 Ndxf2+ 29.Rxf2 Nxf2+ 30.Kg1 Nh3+
31.Kf1 Qf6 32.b5 Qd8 33.b7 Qb6 34.Bxh3 Bxh3+ 35.Ke1 Rae8 36.Qc3 e4 37.Nd4 f3
38.Be3 Qc7 39.exf3 exf3 40.Rf2 Bg4 41.Kd2 Rf7 42.Nc2 Rfe7 43.b6 Qb8 44.Qd4 Bf5
45.Qxd5+ Be6 46.Qxf3 Rf7 47.Qg3 Rxf2+ 48.Bxf2 Qd8+ 49.Bd4  1-0

[Event "Karsten Kold op"]
[Site "Gistrup"]
[Date "1997.??.??"]
[Round "9"]
[White "Jakobsen, Lars Veno"]
[Black "Aagaard, Jacob"]
[Result "1-0"]
[WhiteElo "2340"]
[BlackElo "2435"]

1.d4 Nf6 2.c4 e6 3.Nc3 Bb4 4.Qc2 O-O 5.a3 Bxc3+ 6.Qxc3 b6 7.Bg5 Ba6 8.e3 d6
9.Nf3 Nbd7 10.Bd3 c5 11.O-O h6 12.Bh4 Rc8 13.d5 exd5 14.cxd5 Bxd3 15.Qxd3 Qe7
16.Rfe1 Qe4 17.Qxe4 Nxe4 18.Rad1 g5 19.Bg3 f5 20.Nd2 Nxg3 21.hxg3 Ne5 22.Re2 b5
23.f4 Nd7 24.Nf3 gxf4 25.exf4 Rf6 26.Re7 Rf7 27.Re6 Rf6 28.Re7 Rd8 29.Nh4 a5
30.Re6 Rdf8 31.Ng6 R8f7 32.Ne7+ Kg7 33.Nc8 Nf8 34.Rxd6 b4 35.Rxf6 Kxf6 36.Nd6 Rd7
37.Nc4 Ne6 38.d6 Nd4 39.a4 Rg7 40.Re1 Rxg3 41.d7 Nc6 42.Re8  1-0

[Event "Excelsior Cup"]
[Site "Gothenborg"]
[Date "1997.??.??"]
[Round "1"]
[White "Sjoberg, Mats"]
[Black "Hultin, Johan"]
[Result "1-0"]
[WhiteElo "2430"]
[BlackElo "2330"]

1.d4 e6 2.c4 Nf6 3.Nc3 Bb4 4.Qc2 O-O 5.a3 Bxc3+ 6.Qxc3 b6 7.Bg5 Bb7 8.f3 h6
9.Bh4 d5 10.cxd5 exd5 11.e3 Re8 12.Bb5 c6 13.Ba4 Nbd7 14.Ne2 Qe7 15.Bf2 b5
16.Bc2 c5 17.dxc5 Nxc5 18.O-O Rac8 19.Qd2 Nfd7 20.Nd4 a6 21.Rfe1 Ne5 22.b3 Ne6
23.Bg3 Qf6 24.Rac1 Nxd4 25.exd4 Nc6 26.Bf2 b4 27.axb4 Rxe1+ 28.Rxe1 Qd6 29.b5 axb5
30.Qd3 g6 31.Qxb5 Qb4 32.Qd3 Qb6 33.Qd2 h5 34.h3 Ba6 35.Qe3 Na7 36.Bb1 Nb5
37.Kh1 Na3 38.Bd3 Bxd3 39.Qxd3 Rb8 40.Bg3 Qxb3 41.Re8+ Kh7 42.Qe2 Rxe8 43.Qxe8 Qd1+
44.Kh2  1-0

[Event "Graz op"]
[Site "Graz"]
[Date "1997.??.??"]
[Round "3"]
[White "Deutsch, Ludwig"]
[Black "Srch, Josef"]
[Result "0-1"]
[WhiteElo "2185"]
[BlackElo "2150"]

1.c4 e6 2.Nc3 Nf6 3.d4 Bb4 4.Qc2 O-O 5.Nf3 h6 6.e4 d5 7.cxd5 exd5 8.e5 Ne4
9.a3 Ba5 10.b4 Nxc3 11.Qxc3 Bb6 12.Be3 Bf5 13.Bd3 Qd7 14.h3 a5 15.O-O Bxd3
16.Qxd3 axb4 17.axb4 Nc6 18.Bd2 Ne7 19.g4 Ra4 20.e6 fxe6 21.Ne5 Qe8 22.b5 Rxd4
23.Qe2 Re4  0-1

[Event "Groningen op"]
[Site "Groningen"]
[Date "1997.??.??"]
[Round "6"]
[White "Kiriakov, Petr"]
[Black "Evseev, Denis"]
[Result "1-0"]
[WhiteElo "2505"]
[BlackElo "2370"]

1.d4 Nf6 2.c4 e6 3.Nc3 Bb4 4.Qc2 O-O 5.a3 Bxc3+ 6.Qxc3 Ne4 7.Qc2 f5 8.Nh3 Nc6
9.f3 Nf6 10.e3 d6 11.Bd3 a5 12.O-O a4 13.Nf2 Qe8 14.Bd2 Qh5 15.c5 Bd7 16.Rae1 Kh8
17.Bc3 dxc5 18.dxc5 Nd5 19.e4 Nxc3 20.Qxc3 f4 21.Bb5 Qe5 22.Qxe5 Nxe5 23.Bxd7 Nxd7
24.Nd3 Nb8 25.g3 fxg3 26.hxg3 Nc6 27.Rd1 Rad8 28.Nf4 Rxd1 29.Rxd1 e5 30.Nd3 g5
31.Kf2 Kg7 32.Ke3 h6 33.Rc1 Kf6 34.Rc4 Ra8 35.Rc2 Rf8 36.Rh2 Rh8 37.Nf2 h5
38.Nd1 h4 39.Nc3 Nd4 40.Nxa4 Ne6 41.Nc3 Kg7 42.b4 hxg3 43.Rxh8 Kxh8 44.Ne2 Nd4
45.Nxg3 Nc2+ 46.Kd3 Nxa3 47.Nf5 Nb5 48.Nh6 Kg7 49.Ng4 Kf7 50.Nxe5+ Ke6 51.Nc4 Na7
52.Ke3 Nc6 53.b5 Nd8 54.Kd4 Nf7 55.b6 cxb6 56.cxb6 Nd8 57.Na5 Kd6 58.e5+ Ke6
59.Ke4 Nf7 60.Nxb7 Nxe5 61.Nc5+  1-0

[Event "Wichern op"]
[Site "Hamburg"]
[Date "1997.??.??"]
[Round "7"]
[White "Groeppel, Peter"]
[Black "Lehtivaara, Petri"]
[Result "0-1"]
[WhiteElo "2140"]
[BlackElo "2370"]

1.d4 e6 2.c4 Nf6 3.Nc3 Bb4 4.Qc2 O-O 5.Bg5 c5 6.dxc5 Bxc5 7.e3 h6 8.h4 Nc6
9.a3 Be7 10.Nf3 b6 11.Be2 Ba6 12.Nd2 Rc8 13.Qa4 Bb7 14.Qc2 Ne5 15.Bf4 Ng6
16.Bg3 Re8 17.h5 Nf8 18.e4 d6 19.O-O-O a6 20.Kb1 Qc7 21.Nb3 Red8 22.f3 N8d7
23.Rc1 Ne5 24.Na4 Bc6 25.Nd4 Be8 26.Qb3 Rb8 27.Bf2 Ned7 28.Nc3 Rdc8 29.g4 Ne5
30.Na2 Nfd7 31.Be3 Nc5 32.Qc2 Nc6 33.Nxc6 Bxc6 34.g5 Bxg5 35.Bxg5 hxg5 36.Rcg1 Qe7
37.Nc3 e5 38.Nd5 Bxd5 39.exd5 b5 40.Qf5 Qf6 41.Qxg5 Qxg5 42.Rxg5 bxc4 43.Rhg1 c3
44.Rxg7+ Kh8 45.b4 c2+ 46.Ka2 c1=Q 47.Rxc1 Kxg7 48.bxc5 Rxc5 49.Rxc5 dxc5
50.Bxa6 f5 51.Bd3 Kf6 52.a4 Rb4 53.Bb5 e4 54.fxe4 fxe4 55.d6 e3 56.d7 Ke7
57.h6 Rh4 58.a5 e2 59.Bxe2 Rh2 60.a6 Rxe2+ 61.Kb3 Kxd7 62.a7 Re8  0-1

[Event "SWE-ch"]
[Site "Haninge"]
[Date "1997.??.??"]
[Round "9"]
[White "Ziegler, Ari"]
[Black "Barkhagen, Jonas"]
[Result "1/2-1/2"]
[WhiteElo "2455"]
[BlackElo "2410"]

1.d4 Nf6 2.c4 e6 3.Nc3 Bb4 4.Qc2 O-O 5.a3 Bxc3+ 6.Qxc3 b6 7.Bg5 Bb7 8.f3 h6
9.Bh4 d5 10.e3 Nbd7 11.cxd5 Nxd5 12.Bxd8 Nxc3 13.Bh4 Nd5 14.Bf2 f5 15.Bc4 c5
16.Ne2 Rac8 17.Bb3 c4 18.Ba4 b5 19.Bc2 a5 20.Nc3 b4 21.Nxd5 exd5 22.axb4 axb4
23.Ra7 Bc6 24.O-O b3 25.Bb1 g6 26.Bg3 Ra8 27.Rc7 Rfc8 28.Rxc8+ Rxc8 29.Bd6 Bb5
30.Re1 Nb6 31.g4 Na4 32.Ba3 Bd7 33.gxf5 gxf5 34.e4 c3 35.bxc3 Rxc3 36.Kf2 b2
37.Bb4 Rc4 38.Ba3 Rxd4 39.exf5 Rd2+ 40.Kg3 Bb5 41.Re7 Re2 42.Ra7 Nc3 43.f6 Be8
44.Bh7+ Kh8 45.f7 Bxf7 46.Rxf7 b1=Q 47.Bxb1 Nxb1 48.Bc5 Nd2 49.h4 Nb3 50.Ba7 Kg8
51.Rb7 Na5 52.Rc7 Re6 53.f4 Nc4 54.Bc5 Rg6+ 55.Kf3 Nd2+ 56.Ke3 Ne4 57.Rc8+ Kf7
58.f5 Rg8 59.Rc7+ Kf6 60.Kf4 Nxc5 61.Rxc5 Rd8 62.Rc6+ Kg7 63.Rg6+ Kh7 64.Rg3 Re8
65.f6 Rg8 66.Rxg8  1/2-1/2

[Event "SWE-ch qualA"]
[Site "Haninge"]
[Date "1997.??.??"]
[Round "12"]
[White "Nilsson, Mattias"]
[Black "Von Bahr, Oskar"]
[Result "1-0"]
[WhiteElo "2230"]
[BlackElo "2185"]

1.d4 Nf6 2.c4 e6 3.Nc3 Bb4 4.Qc2 O-O 5.a3 Bxc3+ 6.Qxc3 Ne4 7.Qc2 f5 8.Nh3 Nc6
9.e3 d6 10.f3 Nf6 11.Be2 e5 12.d5 Ne7 13.Nf2 a5 14.b3 Ng6 15.f4 Qe7 16.O-O Bd7
17.Ra2 Kh8 18.Bd3 Nh5 19.g3 Nf6 20.Bxf5 Bxf5 21.Qxf5 a4 22.Qc2 axb3 23.Qxb3 Nd7
24.Qc2 Qf7 25.Ne4 h6 26.Bd2 b5 27.cxb5 Nb6 28.a4 Nxd5 29.Qc4 exf4 30.exf4 Qf5
31.Nf2 Rfe8 32.a5 Nf8 33.Bc1 Nd7 34.Rd1 N7f6 35.g4 Qg6 36.Rxd5 Re1+ 37.Kg2 Nxg4
38.Rg5 hxg5 39.Nxg4 gxf4 40.h3 f3+ 41.Kxf3 Qb1 42.Be3 Rf8+ 43.Kg2 Qd1 44.Rf2 Rg1+
45.Kh2 Rh1+ 46.Kg3 Qg1+ 47.Kh4 Qe1 48.Qe2 Qxe2 49.Rxe2 Ra8 50.Bd4 Rxa5 51.Re7 Rxb5
52.Rxg7 Rb4 53.Bf6 Rf1 54.Kg5 Rxf6 55.Kxf6 Rf4+ 56.Kg6 Rf3 57.Rxc7 Rf8 58.Rh7+  1-0

[Event "BCF-ch"]
[Site "Hove"]
[Date "1997.??.??"]
[Round "5"]
[White "Crouch, Colin S"]
[Black "Emms, John M"]
[Result "0-1"]
[WhiteElo "2375"]
[BlackElo "2530"]

1.d4 Nf6 2.c4 e6 3.Nc3 Bb4 4.Qc2 O-O 5.Nf3 c5 6.dxc5 Na6 7.g3 Nxc5 8.Bg2 Nce4
9.O-O Nxc3 10.bxc3 Be7 11.Bf4 d6 12.c5 dxc5 13.c4 Nd7 14.Rab1 Qe8 15.Nd2 e5
16.Be3 Rb8 17.f4 b6 18.f5 Nf6 19.h3 Bb7 20.Bxb7 Rxb7 21.g4 h6 22.Bf2 Qc6
23.Bh4 Nxg4 24.hxg4 Bxh4 25.Rbd1 Rd8 26.Nf3 Rxd1 27.Rxd1 Bf6 28.Rd5 b5 29.Qe4 Kh7
30.g5 hxg5 31.Nd4 Qe8 32.Nxb5 Rd7 33.Rxc5 a6 34.Nc7 Qb8 35.Qh1+ Kg8 36.Qa8 Qxa8
37.Nxa8 e4 38.Rc8+ Kh7 39.c5 Rd2 40.c6 Rc2 41.e3 g4 42.Nb6 Kh6 43.c7 Kg5
44.Nd5 Be5 45.Rg8 Bxc7 46.Rxg7+ Kh4 47.Rxf7 Bh2+ 48.Kf1 Kg3 49.f6 Kf3 50.Ke1 g3
51.Rg7 g2 52.f7 Bg3+ 53.Kd1 Rc8  0-1

[Event "HUN-chT2 9798"]
[Site "HUN"]
[Date "1997.??.??"]
[Round "?"]
[White "Taskovits, Istvan"]
[Black "Lugovoi, Aleksei"]
[Result "0-1"]
[WhiteElo "2275"]
[BlackElo "2510"]

1.d4 Nf6 2.c4 e6 3.Nc3 Bb4 4.Qc2 O-O 5.a3 Bxc3+ 6.Qxc3 b6 7.Bg5 c5 8.e3 Bb7
9.Nf3 cxd4 10.Qxd4 Nc6 11.Qd6 h6 12.Bh4 g5 13.Bg3 Ne4 14.Qc7 Qxc7 15.Bxc7 Rac8
16.Bg3 Na5 17.Rd1 Nxc4 18.Bxc4 Rxc4 19.Ne5 Rc2 20.Nxd7 Rfc8 21.O-O Nxg3 22.hxg3 Ba6
23.Rfe1 Rxb2 24.Rc1 Rcc2 25.Rxc2 Rxc2 26.Rd1 Kg7 27.Ne5 Rc7 28.Rd6 Bb5 29.Nf3 Rd7
30.Rxd7 Bxd7 31.Kf1 Bb5+ 32.Ke1 Kf6 33.Nd4 Bd7 34.f4 e5 35.Nf3 exf4 36.gxf4 gxf4
37.exf4 Kf5 38.g3 Ke4 39.Ne5 Be6 40.Kf2 a5 41.Ke2 h5 42.Kd2 f6 43.Nc6 Bg4
44.Ne7 Kf3  0-1

[Event "HUN-chT2 9798"]
[Site "HUN"]
[Date "1997.??.??"]
[Round "?"]
[White "Taskovits, Istvan"]
[Black "Bencze, Laszlo"]
[Result "1-0"]
[WhiteElo "2275"]
[BlackElo "2300"]

1.d4 e6 2.c4 Nf6 3.Nc3 Bb4 4.Qc2 O-O 5.a3 Bxc3+ 6.Qxc3 Ne4 7.Qc2 f5 8.e3 b6
9.Nf3 Bb7 10.Bd3 d6 11.O-O Nd7 12.Nd2 Nxd2 13.Bxd2 Qe8 14.f3 Qh5 15.e4 f4
16.Qa4 Rf7 17.Bxf4 Nc5 18.dxc5 Qxc5+ 19.Kh1 Rxf4 20.b4 Qe5 21.Qd7 Raf8 22.c5 dxc5
23.bxc5 Rh4 24.g3 Bc8 25.Qe7 Qxg3 26.Ra2 Qf4 27.Rg2 g6 28.cxb6 axb6 29.e5 Rh6
30.Qxc7 Qd4 31.Be4 Ba6 32.Rfg1 Qc5 33.Qa7 Bc4 34.Bxg6  1-0

[Event "HUN-chT 9798"]
[Site "Hungary"]
[Date "1997.??.??"]
[Round "?"]
[White "Deak, Ferenc"]
[Black "Csonka, Attila"]
[Result "1/2-1/2"]
[WhiteElo "2210"]
[BlackElo "2100"]

1.d4 Nf6 2.c4 e6 3.Nc3 Bb4 4.Qc2 O-O 5.Bg5 d6 6.e3 Nbd7 7.Bd3 h6 8.Bh4 e5
9.Ne2 Qe7 10.O-O c6 11.f3 Re8 12.a3 Ba5 13.b4 Bc7 14.Kh1 a5 15.Rae1 Nf8 16.f4 exd4
17.exd4 Bd8 18.Ne4 N8h7 19.N4c3 Qc7 20.d5 Nf8 21.Nd4 Rxe1 22.Rxe1 Bd7 23.Nf5 Bxf5
24.Bxf5 axb4 25.axb4 g6 26.Bd3 Nh5 27.Bxd8 Rxd8 28.f5 g5 29.Be2 Nf6 30.Bf3 g4
31.Be4 Re8 32.Qd2 Kg7 33.h3 N8d7 34.dxc6 bxc6 35.hxg4 Nxg4 36.Bf3 Rxe1+ 37.Qxe1 Ngf6
38.Qg3+ Kh7 39.c5 Ne5 40.Qh4 Kg7 41.Qg3+ Kh7  1/2-1/2

[Event "HUN-chT 9798"]
[Site "Hungary"]
[Date "1997.??.??"]
[Round "?"]
[White "Stohl, Igor"]
[Black "Forintos, Gyozo V"]
[Result "1-0"]
[WhiteElo "2580"]
[BlackElo "2400"]

1.d4 e6 2.c4 Nf6 3.Nc3 Bb4 4.Qc2 O-O 5.Bg5 h6 6.Bh4 c5 7.e3 b6 8.dxc5 bxc5
9.Bd3 Bb7 10.Ne2 d6 11.O-O-O Nbd7 12.Be4 Bxc3 13.Nxc3 Bxe4 14.Nxe4 Qa5 15.Bxf6 Nxf6
16.Nxf6+ gxf6 17.Kb1 Rfd8 18.Rd3 Rab8 19.Rhd1 Rb6 20.e4 Kf8 21.Qc1 Ke7 22.Qxh6 Rdb8
23.b3 Qa6 24.Rf3 Qxc4 25.Qxf6+ Kd7 26.Ka1 Qxe4 27.Qxf7+ Kc6 28.Re3 Qg4 29.f3 Qg8
30.Qxe6 Qg7+ 31.Kb1 Rd8 32.Qe4+ d5 33.Qe7 Qg6+ 34.Kc1 Rd6 35.Rde1 Rb7 36.Qe8+ Qxe8
37.Rxe8 c4 38.bxc4 dxc4 39.R8e6 Rb5 40.Rxd6+ Kxd6  1-0

[Event "World Cities"]
[Site "Jakarta "]
[Date "1997.??.??"]
[Round "2"]
[White "Ostenstad, Berge"]
[Black "Gunawan, Johan"]
[Result "1-0"]
[WhiteElo "2465"]
[BlackElo "2235"]

1.d4 Nf6 2.c4 e6 3.Nc3 Bb4 4.Qc2 O-O 5.a3 Bxc3+ 6.Qxc3 Ne4 7.Qc2 f5 8.e3 b6
9.Bd3 Bb7 10.Ne2 Qh4 11.Ng3 d6 12.d5 Nd7 13.Nxe4 fxe4 14.Bxe4 Nc5 15.Bf3 exd5
16.b4 Ne4 17.Bb2 dxc4 18.Qxc4+ d5 19.Qc2 c5 20.Bxe4 dxe4 21.Rd1 Qg4 22.O-O Ba6
23.b5 Bc8 24.Rd6 Be6 25.h3 Qf5 26.Qc3 Rf7 27.f4 h5 28.Rfd1 Kh7 29.Qe1 Kg8
30.Kh2 Bc4 31.Rd8+ Rf8 32.R1d6 Be6 33.Rxf8+ Rxf8  1-0

[Event "World Cities"]
[Site "Jakarta "]
[Date "1997.??.??"]
[Round "4"]
[White "Darmayanti, Tamin D"]
[Black "Aung Thant Zin"]
[Result "0-1"]
[WhiteElo "2050"]
[BlackElo "2245"]

1.d4 Nf6 2.c4 e6 3.Nc3 Bb4 4.Qc2 O-O 5.a3 Bxc3+ 6.Qxc3 b6 7.Nf3 Ne4 8.Qc2 Bb7
9.e3 d6 10.Bd3 f5 11.Bd2 Nd7 12.Bc3 Qe7 13.O-O-O c5 14.Rhg1 Rac8 15.Kb1 d5
16.cxd5 cxd4 17.Nxd4 Nxc3+ 18.bxc3 Bxd5 19.Kb2 Ne5 20.f3 Bc4 21.Be2 Bxe2
22.Nxe2 Nc4+ 23.Ka1 Nxe3 24.Qa4 Nxd1 25.Rxd1 Rfd8 26.Kb2 Rxd1 27.Qxd1 Rd8
28.Qc2 e5 29.g3 g6 30.f4 Kg7 31.fxe5 Qxe5 32.Nf4 Qe3 33.Qa4 Qd2+ 34.Qc2 Kf6
35.c4  0-1

[Event "World Cities"]
[Site "Jakarta "]
[Date "1997.??.??"]
[Round "4"]
[White "Ostenstad, Berge"]
[Black "Barus, Cerdas"]
[Result "1-0"]
[WhiteElo "2465"]
[BlackElo "2445"]

1.d4 Nf6 2.c4 e6 3.Nc3 Bb4 4.Qc2 O-O 5.a3 Bxc3+ 6.Qxc3 b6 7.Bg5 c5 8.dxc5 bxc5
9.Nf3 Nc6 10.e3 Rb8 11.Bd3 Qa5 12.Qxa5 Nxa5 13.b4 Nb7 14.Rb1 Ra8 15.O-O a5
16.b5 h6 17.Bh4 g5 18.Bg3 d6 19.Nd2 d5 20.a4 Bd7 21.Be5 Ne8 22.Rfc1 f6 23.Bb2 Ned6
24.Ba3 Rfc8 25.Rc2 Rc7 26.Rbc1 Rac8 27.f3 Be8 28.Nb3 dxc4 29.Bxc4 Bf7 30.Bf1 e5
31.Nxc5 Nxc5 32.Rxc5 Rxc5 33.Rxc5 Rxc5 34.Bxc5 Nb7 35.Be7 Kg7 36.Bd3 Bg6
37.Bxg6 Kxg6 38.e4 h5 39.Kf2 Kf7 40.Ba3 Ke6 41.Ke3 Kd7 42.Kd3 Nd8 43.Kc4 Ne6
44.Bc1 Kd6 45.Be3 h4 46.Bb6 Nf4 47.g3 hxg3 48.hxg3 Nh5 49.g4 Nf4 50.Bxa5 Ng6
51.Bb4+ Kd7 52.a5 Nh4 53.a6 Kc7 54.Bd6+ Kb6 55.Bc5+  1-0

[Event "Kastel Stari op"]
[Site "Kastel Stari"]
[Date "1997.??.??"]
[Round "2"]
[White "Belamaric, Tanja"]
[Black "Bistric, Faruk"]
[Result "0-1"]
[WhiteElo "2215"]
[BlackElo "2425"]

1.d4 Nf6 2.c4 e6 3.Nc3 Bb4 4.Qc2 O-O 5.a3 Bxc3+ 6.Qxc3 d6 7.Bg5 Nbd7 8.e3 b6
9.Bd3 c5 10.Ne2 Ba6 11.Rc1 Rc8 12.O-O cxd4 13.exd4 b5 14.Qb3 bxc4 15.Bxc4 Qa5
16.Bxa6 Qxa6 17.Ng3 h6 18.Bd2 Nb6 19.Qf3 Nbd5 20.Ne4 Nxe4 21.Qxe4 Qb6 22.b4 Qb5
23.Qf3 Ne7 24.Rxc8 Rxc8 25.Rc1 Rxc1+ 26.Bxc1 Nd5 27.h3 Qc4 28.Qd1 Nc3 29.Qf1 Qa2
30.Kh2 Qa1 31.Qe1 Nb5 32.Bd2 Qxe1 33.Bxe1 Nxa3 34.Bc3 Kf8 35.f4 Ke7 36.Bb2 Nb5
37.Kg3 Nc7 38.Bc1 Kd7 39.Kf3 Kc6 40.Bd2 Kd5 41.g4 Nb5 42.Ke3 g6 43.f5 Nxd4
44.fxg6 fxg6 45.h4 a6 46.h5 g5  0-1

[Event "Kastel Stari op"]
[Site "Kastel Stari"]
[Date "1997.??.??"]
[Round "4"]
[White "Sale, Srdjan"]
[Black "Zelcic, Robert"]
[Result "0-1"]
[WhiteElo "2425"]
[BlackElo "2455"]

1.d4 Nf6 2.c4 e6 3.Nc3 Bb4 4.Qc2 O-O 5.a3 Bxc3+ 6.Qxc3 Ne4 7.Qc2 f5 8.Nf3 b6
9.e3 Bb7 10.Bd3 d6 11.b3 Nd7 12.Bb2 Ng5 13.Nd2 Bxg2 14.Rg1 Nf3+ 15.Nxf3 Bxf3
16.d5 Ne5 17.dxe6 Qf6 18.Kd2 Kh8 19.Rg3 f4 20.Rh3 h6 21.Rg1 Qxe6 22.Rh4 fxe3+
23.fxe3 Rf6 24.Kc1 Raf8 25.Kb1 Bc6 26.Rg3 Rf2 27.Qc3 Qf6 28.Rd4 Bd7 29.Ka1 c5
30.Rxd6 Qxd6 31.Qxe5 Qxe5 32.Bxe5 R8f7 33.Rg6 Bf5 34.Rxh6+ Kg8 35.Rd6 Bxd3
36.Rxd3 Re2 37.Bf4 g5  0-1

[Event "Koge op"]
[Site "Koge"]
[Date "1997.??.??"]
[Round "5"]
[White "Hillarp Persson, Tiger"]
[Black "Rozentalis, Eduardas"]
[Result "1-0"]
[WhiteElo "2445"]
[BlackElo "2645"]

1.d4 Nf6 2.c4 e6 3.Nc3 Bb4 4.Qc2 O-O 5.a3 Bxc3+ 6.Qxc3 b6 7.Bg5 Ba6 8.Nf3 d6
9.e3 Nbd7 10.Nd2 h6 11.Bh4 c5 12.dxc5 dxc5 13.f3 Bb7 14.g4 Qc7 15.Bg3 e5
16.Rg1 Bc6 17.O-O-O Rfe8 18.h4 Qb7 19.g5 Nh5 20.Bh3 Bxf3 21.Nxf3 Qxf3 22.Bg2 Qg4
23.Bxa8 Nxg3 24.Rxg3 Qxg3 25.Bc6 hxg5 26.hxg5 Qxg5 27.Rxd7 Re6 28.Bd5 Rf6
29.Qd3 g6 30.Rxa7 Kg7 31.Kc2 Qg1 32.Kb3 g5 33.Qe4  1-0

[Event "Koge op"]
[Site "Koge"]
[Date "1997.??.??"]
[Round "5"]
[White "Petersen, S."]
[Black "Fuglsang, Flemming"]
[Result "0-1"]
[WhiteElo "2140"]
[BlackElo "2275"]

1.d4 Nf6 2.c4 e6 3.Nc3 Bb4 4.Qc2 O-O 5.a3 Bxc3+ 6.Qxc3 b6 7.Bg5 d5 8.cxd5 exd5
9.e3 c5 10.dxc5 bxc5 11.Qxc5 Nbd7 12.Qd4 Ba6 13.Bxf6 Nxf6 14.Ne2 Re8 15.Nc3 Bxf1
16.Kxf1 Rb8 17.Rb1 Qc8 18.h3 Qf5 19.Qd2 Rb3 20.Rc1 Reb8 21.Rc2 h5 22.Kg1 Ne4
23.Nxe4 dxe4 24.Qd4 a5 25.Kh2 Rd3 26.Qa7 Qe5+ 27.g3 h4 28.Rg1 Rdb3 29.Rc7 Rf8
30.Rc5 Qf6 31.Rc2 Rxb2 32.Rxb2 Qxb2 33.Rg2 Qe5 34.Qd7 Rb8 35.Qg4 hxg3+ 36.Rxg3 g6
37.h4 Rb1 38.h5 Qa1 39.Qxe4 Qb2  0-1

[Event "Koge op"]
[Site "Koge"]
[Date "1997.??.??"]
[Round "7"]
[White "Antonsen, Mikkel"]
[Black "Rozentalis, Eduardas"]
[Result "0-1"]
[WhiteElo "2400"]
[BlackElo "2645"]

1.d4 Nf6 2.c4 e6 3.Nc3 Bb4 4.Qc2 O-O 5.a3 Bxc3+ 6.Qxc3 b6 7.Bg5 Ba6 8.e3 d6
9.Nf3 Nbd7 10.Nd2 Rc8 11.b4 c5 12.dxc5 bxc5 13.Be2 d5 14.b5 Bb7 15.O-O Qb6
16.Qc2 d4 17.e4 e5 18.a4 a5 19.f4 exf4 20.Rxf4 Rce8 21.Raf1 Re6 22.Qd3 Qd6
23.Qh3 h6 24.Bxh6 gxh6 25.Qxh6 Nxe4 26.Rg4+ Rg6 27.Rxf7 Kxf7 28.Rxg6 Nef6
29.Rg7+ Ke8 30.Bh5+ Kd8 31.Bg4 Qe5 32.Bxd7 Qe3+  0-1

[Event "RUS-ch U20"]
[Site "Kolontaevo"]
[Date "1997.??.??"]
[Round "?"]
[White "Rychagov, Andrei"]
[Black "Bigaliev, Renat"]
[Result "0-1"]
[WhiteElo "2455"]
[BlackElo "2480"]

1.d4 Nf6 2.c4 e6 3.Nc3 Bb4 4.Qc2 O-O 5.a3 Bxc3+ 6.Qxc3 b6 7.Bg5 c5 8.dxc5 bxc5
9.e3 d6 10.Bd3 Nbd7 11.Ne2 Bb7 12.O-O Qb6 13.Rad1 Be4 14.Bf4 d5 15.Bxe4 Nxe4
16.Qc2 Qb7 17.cxd5 exd5 18.Nc3 Nxc3 19.Qxc3 Rac8 20.Rd2 Nf6 21.Qd3 Rfe8 22.Rfd1 h6
23.Qf5 Ne4 24.Rxd5 Qxb2 25.Be5 Nc3 26.Kh1 Qb3 27.Bxc3 Qxc3 28.Rd7 Qb3 29.R1d5 Rf8
30.h3 g6 31.Qf6 c4 32.Qa6 Qb6  0-1

[Event "RUS-ch (Women) sf+"]
[Site "Kolontaevo"]
[Date "1997.??.??"]
[Round "?"]
[White "Svistun, Olga"]
[Black "Savitskaya, Ekaterina P"]
[Result "1/2-1/2"]
[WhiteElo "2180"]
[BlackElo "2220"]

1.d4 Nf6 2.c4 e6 3.Nc3 Bb4 4.Qc2 O-O 5.Bg5 b6 6.a3 Bxc3+ 7.Qxc3 Bb7 8.e3 h6
9.Bh4 d6 10.Nf3 Nbd7 11.Bd3 c5 12.O-O Qe7 13.b4 Rfe8 14.dxc5 bxc5 15.Rac1 Rac8
16.b5 Ra8 17.a4 a5 18.Nd2 Ra7 19.Nb3 Qd8 20.Rfd1 Qc7 21.f3 Rea8 22.Bc2 Ne8
23.Qd3 Nf8 24.Bg3 e5 25.Nd2 Rd8 26.Bh4 Rd7 27.Nb1 Ng6 28.Bg3 Nf6 29.Qb3 Qb6
30.Nc3 Ra8 31.Rd2 Ne7 32.Rcd1 Rad8 33.Bb1 Ng6 34.Bf5 Re7 35.Qb1 Nf8 36.Bh4 g5
37.Bg3 Nh5 38.Ne4 Bxe4 39.Bxe4 Nxg3 40.hxg3 Re6 41.Bd5 Rf6 42.Bc6 Ng6 43.Be4 Ne7
44.Kf2 Nc8 45.Qb2 Qc7 46.Bb1 Kg7 47.Ke2 Nb6 48.Qb3 Qe7 49.Qd3 Qe6 50.Ba2 Qc8
51.Qc2 Kf8 52.Bb3 Ke7 53.Qc3 Qa8 54.Bc2 Re6 55.Be4 Qa7 56.Qc2 Qc7 57.Rh1 Rh8
58.Rdd1 h5 59.Rh2 Reh6 60.Rdh1 Kf8 61.g4 h4 62.Rh3  1/2-1/2

[Event "RUS-ch (Women) sf"]
[Site "Kolontaevo"]
[Date "1997.??.??"]
[Round "?"]
[White "Galianina, Julia"]
[Black "Saunina, Ludmila"]
[Result "1/2-1/2"]
[WhiteElo "2250"]
[BlackElo "2210"]

1.d4 Nf6 2.c4 e6 3.Nc3 Bb4 4.Qc2 O-O 5.a3 Bxc3+ 6.Qxc3 b6 7.Bg5 Bb7 8.e3 d6
9.c5 bxc5 10.dxc5 dxc5 11.Qxc5 Nbd7 12.Qc2 c5 13.Ne2 Qa5+ 14.Qc3 Qb6 15.Bxf6 Nxf6
16.Ng3 Rab8 17.Bd3 Bd5 18.O-O  1/2-1/2

[Event "Cassovia op"]
[Site "Kosice"]
[Date "1997.??.??"]
[Round "?"]
[White "Gladyszev, Oleg"]
[Black "Veselovsky, Sergey"]
[Result "1/2-1/2"]
[WhiteElo "2420"]
[BlackElo "2445"]

1.d4 Nf6 2.c4 e6 3.Nc3 Bb4 4.Qc2 O-O 5.a3 Bxc3+ 6.Qxc3 d6 7.Bg5 Nbd7 8.e3 c5
9.dxc5 Nxc5 10.Bxf6 Qxf6 11.Qxf6 gxf6 12.b4 Na4 13.O-O-O a5 14.Kc2 axb4 15.axb4 d5
16.e4 dxc4 17.Bxc4  1/2-1/2